000 00721nam a2200205 i 4500
001 29813
003 ES-MaACL
005 20230906154107.0
008 030123s1972 sp |||| | spa d
100 1 _aBasaglia, Franco.
_926240
245 1 3 _aLa institución negada
_b: informe de un hospital psiquiátrico /
_cFranco Basaglia ; prólogo de Ramón García, Ana Serós y Luis Torrent ; [traducción de Jaime Pomar].
260 _aBarcelona :
_bBarral,
_c1972.
300 _a343 p. ;
_c20 cm.
650 4 _aHospitales psiquiátricos.
_913485
700 1 _aGarcía, Ramón.
_954089
700 1 _aSerós, Ana.
_9105595
700 1 _aTorrent, Luis.
_9110833
700 1 _aPomar, Jaume.
_992897
852 _aES-MaACL
_jC-42450
999 _c29813
_d29813